| 000 | 00850nam a2200229 a 4500 | ||
|---|---|---|---|
| 001 | 41508 | ||
| 003 | BD-RjUL | ||
| 005 | 20211209053413.0 | ||
| 008 | 160531s1990 ii ||||| |||| 00| d ben d | ||
| 020 | _c: Tk. 40.00 | ||
| 035 | _a(BD-RjUL) 41626 | ||
| 040 |
_aBD-RjUL _bben _cBD-RjUL |
||
| 041 | _aben | ||
| 082 |
_223 _a891.44209 _bROG 1990 |
||
| 100 | 1 |
_aরায়চৌধুরী, সজল _9127568 |
|
| 245 | 1 | 0 |
_aগণনাট্য কথা / _cসজল রায়চৌধুরী |
| 260 |
_aকলকাতা : _bগণমন প্রকাশন, _c১৯৯০ |
||
| 300 |
_aix, [৮], ২৯৩ : _bচিত্র ; _c২০ সেমি. |
||
| 650 |
_aবাংলা নাটক _xইতিহাস ও সমালোচনা _9123674 |
||
| 650 |
_aBengali Drama _xHistory and Criticism _9122764 |
||
| 942 |
_2ddc _cBK |
||
| 999 |
_c41508 _d41508 |
||